00720nam a2200265Ia 4500008004100000020001800041050001100059050001600070100002000086245005300106245002300159250002700182260001800209260001700227260000900244300002000253300002000273300001000293440003100303500004600334650002800380650001600408700001100424999001900435170711s9999 xx 000 0 und d a9780070660212 a647.94 bAn562i 2008 aAndrews, Sudhir aIntroduction to tourism & hospitality industry / cby Sudhir Andrews. aInternational edition. aPhilippines : bMcGraw Hill, c2008 axv, 236 pages : billustrations ; c24cm. aThe McGraw-Hill Companies. aIncludes appendix, answers and glossary.  aHospitality industry -- xManagement. aTitle. c339697d339697